The British journal of nutrition
| Corporate Author: | |
|---|---|
| Format: | Electronic Journal |
| Language: | English |
| Published: |
Cambridge, Eng. :
Cambridge University Press
[Wallingford, Oxfordshire] : CAB International Cambridge, Eng. : |
| Subjects: | |
| Online Access: | Full text available from Research Library: 01/01/2001 to 1 year ago |
MARC
| LEADER | 00000nas a2200000 a 4500 | ||
|---|---|---|---|
| 001 | ssj0008109 | ||
| 003 | WaSeSS | ||
| 005 | 20200512172242.0 | ||
| 006 | m d | ||
| 007 | cr n | ||
| 008 | 990112c19479999enker pss 0 a0eng c | ||
| 010 | |a 2005233032 | ||
| 015 | |a GBB400888 |2 bnb | ||
| 016 | 7 | |a 012088006 |2 Uk | |
| 022 | |a 1475-2662 |l 0007-1145 |y 0007-1145 | ||
| 035 | |a (WaSeSS)ssj0008109 | ||
| 040 | |a TMC |b eng |e pn |c TMC |d EYM |d OCLCQ |d GUA |d IWA |d MXC |d OCLCQ |d CUS |d OCLCE |d BUF |d OCLCQ |d OCLCF |d OCLCO |d EUW |d OCLCO |d OCLCQ |d OCLCO |d DGU |d UAB |d OCLCO |d WY@ |d OCLCQ |d OCLCO |d OCLCQ |d OCLCA |d NLE |d OCLCA |d AU@ |d OCLCO |d UKMGB |d OCLCA |d TKN |d OCLCO |d OCLCA |d VT2 |d U3W |d AUD |d OCLCQ |d DLC |d WaSeSS | ||
| 042 | |a pcc |a dlr | ||
| 050 | 0 | 0 | |a TX501 |
| 060 | 4 | |a W1 |b BR584 | |
| 130 | 0 | |a British journal of nutrition (Online) | |
| 245 | 1 | 4 | |a The British journal of nutrition |h [electronic resource]. |
| 246 | 1 | |i Also called: |a BJN | |
| 260 | |3 -1996 : |a Cambridge, Eng. : |b Cambridge University Press | ||
| 260 | 2 | |3 1997- : |a [Wallingford, Oxfordshire] : |b CAB International | |
| 260 | 3 | |3 <2009-> : |a Cambridge, Eng. : |b Cambridge University Press | |
| 310 | |a Biweekly, |b 2009- | ||
| 321 | |a Quarterly, |b Sept. 1947-1970 | ||
| 321 | |a Bimonthly, |b 1971-1993 | ||
| 321 | |a Monthly, |b 1994-2008 | ||
| 362 | 1 | |a Print began with v. 1, no. 1 (Sept. 1947). | |
| 506 | |a License restrictions may limit access. | ||
| 525 | |a Has supplements. | ||
| 538 | |a Master and use copy. Digital master created according to Benchmark for Faithful Digital Reproductions of Monographs and Serials, Version 1. Digital Library Federation, December 2002. |u http://purl.oclc.org/DLF/benchrepro0212 |5 MiAaHDL | ||
| 538 | |a Mode of access: World Wide Web. | ||
| 583 | 1 | |a digitized |c 2010 |h HathiTrust Digital Library |l committed to preserve |5 MiAaHDL |2 pda | |
| 588 | |a Description based on: Vol. 79, no. 4 (Apr. 1998); title from contents screen (IngentaConnect, viewed Feb. 11, 2005). | ||
| 588 | |a Latest issue consulted: Vol. 123, no. 10 (28 May 2020) (Cambridge Journals, viewed Apr. 7, 2020). | ||
| 650 | 0 | |a Nutrition |v Periodicals. | |
| 650 | 7 | |a Nutrition. |2 fast |0 (OCoLC)fst01042187 | |
| 650 | 1 | 7 | |a Voeding. |2 gtt |
| 650 | 2 | |a Nutritional Physiological Phenomena. | |
| 650 | 2 | |a Nutrition. | |
| 650 | 2 | |a Nutrition |v Periodicals. | |
| 655 | 0 | |a Electronic journals. | |
| 710 | 2 | |a Nutrition Society (Great Britain) | |
| 776 | 0 | 8 | |i Print version: |t British journal of nutrition |x 0007-1145 |w (DLC) 53017329 |w (OCoLC)1537294 |
| 850 | |a DLC | ||
| 856 | 4 | 0 | |z Full text available from Research Library: 01/01/2001 to 1 year ago |u https://search.proquest.com/publication/5629 |